000 00247nam a2200085Ia 4500
008 170620s9999 xx 000 0 und d
100 _aNagaraju- M. T. V.
245 0 _aStudy Habits of Secondary School Students
260 _bNew Delhi- Discovery Publishing House
260 _c2006
999 _c24265
_d24265